• 首页
  • 本馆介绍
  • 公告通知
  • 最新文献
  • 馆藏检索
  • 电子资源
  • 读者导购
  • 参考咨询
  • 我的图书馆
  • 登录
  • 详细信息显示
  • 放入我的书架
  • 预约/预借图书
  • 作者相关作品
  • 分类相关作品
  • 丛书相关作品
  • 出版社相关作品

书目信息

  • 表格格式
  • 工作单格式
  • 卡片格式
题名:
野性亚马孙
    
 
作者: ;探秘天下编写组 编著
分册:  
出版信息: 北京   时事出版社  2016.09
页数: 273页
开本: 24cm
丛书名:
单 册:
中图分类: S717.1-49
科图分类:
主题词: 热带雨林--南美洲--普及读物
电子资源:
ISBN: 978-7-5195-0012-2
000 00977nam0 2200229 450
001 5665
005 20181020113553.30
010    @a978-7-5195-0012-2@dCNY32.00
100    @a20161019d2016 em y0chiy50 ea
101 0  @achi
102    @aCN@b110000
105    @aa z 000yy
200 1  @a野性亚马孙@9ye xing ya ma sun@e地球上最神秘的荒芜地带@f探秘天下编写组编著
210    @a北京@c时事出版社@d2016.09
215    @a273页@c图@d24cm
330    @a本书以详实的资料和生动的解说,带你走进世界上最蛮荒的神秘地带,体验亚马孙丰富多彩又惊险恐怖的世界,一同去探索丛林深处的印加帝国传说,见证原始丛林的多样性和珍奇物种,走进印第安人的原始部落,体会与之隔绝的生活……相信读者一定会被亚马孙的神秘博大所震撼。
517 1  @a地球上最神秘的荒芜地带@9di qiu shang zui shen mi de huang wu di dai
606 0  @a热带雨林@y南美洲@j普及读物
690    @aS717.1-49@v5
711 02 @a探秘天下编写组@9tan mi tian xia bian xie zu@4编著
801  0 @aCN@b91MARC@c20161118
905    @aMuseLib@dS717.1-49@e115
    
    野性亚马孙:地球上最神秘的荒芜地带/探秘天下编写组编著.-北京:时事出版社,2016.09
    273页:图;24cm
    
    
    ISBN 978-7-5195-0012-2:CNY32.00
    本书以详实的资料和生动的解说,带你走进世界上最蛮荒的神秘地带,体验亚马孙丰富多彩又惊险恐怖的世界,一同去探索丛林深处的印加帝国传说,见证原始丛林的多样性和珍奇物种,走进印第安人的原始部落,体会与之隔绝的生活……相信读者一定会被亚马孙的神秘博大所震撼。
●
相关链接 在E读中查询图书 在五车中查询图书 在当当中查询图书 在豆瓣中查询图书


正题名:野性亚马孙     索取号:S717.1-49/115         预约/预借

序号 登录号 条形码 馆藏地/架位号 状态 备注
1 1130726   211307263   第二样本阅览室/ [索取号:S717.1-49/115] 在馆    
2 1130727   211307272   密集书库-生命科学系/ [索取号:S717.1-49/115] 在馆    
3 1130728   211307281   第三借阅区/ [索取号:S717.1-49/115] 在馆    
4 1130729   211307290   第三借阅区/ [索取号:S717.1-49/115] 在馆    
5 1130730   211307307   第三借阅区/ [索取号:S717.1-49/115] 在馆    
唐山师范学院图书馆 欢迎您!
大连网信软件有限公司© 版权所有